1288 1940 1670 1398 2000 1352 1253 1800 1727 1134 1022 1106 1146 1756 1512 1511 1001 1982 1803 1647 1167 1850 1964 1096 1154 1457 1181 1058 1258 1239 1530 1570 1200 1203 1931 1806 1849 1518 1305 1502 1845 1637 1521 1354 1510 1550 1343 1571 1673 1547 1624 1701 1007 1284 1834 1774 1746 1704 1105 1047 1651 1655 1718 1538 2000 1994 1437 1096 1914 1759 1167 1425 1942 1180 1185 1664 1825 1831 1545 1934 1453 1168 1622 1336 1645 1282 1626 1726 1836 1616 1132 1858 1598 1500 1056 1688 1360 1401 1121 BCNSPRNW ULIB Ver.6.0+V

เปลี่ยนเป็นภาษาไทย

Change to English
 แสดงรายละเอียดบรรณานุกรม
  กลับหน้าหลัก

Brief Record : Get Marc (ISO 2709) : E-mail record : QR code < ปิดหน้าต่าง
LEADER : 00000nam 2200000uu 4500
001    13399113604
003     ULIB
008    111201sมปป.||||th 000 0 tha d
020    ^a9789740640370
090    ^aนว.^bล711T มปป.
100 0  ^aลูกชุบ
245 00 ^aThe Carnival รักเหลือร้ายจับหัวใจใส่หน้ากาก/^cลูกชุบ
250    ^aพิมพ์ครั้งที่ 1
260    ^aกรุงเทพฯ :^bแจ่มใส,^cมปป.
300    ^a200 หน้า
710 1  ^aแจ่มใส
945    ^p149^l0^i15312
995    ^aทศพร
999    ^aใช้งานได้ทุกระบบ
รายการนี้ยังไม่มีแท็ก
คุณยังไม่ได้ล็อกอิน คุณสามารถมีกิจกรรมร่วมกับเว็บไซต์ได้ แต่ต้องล็อกอินก่อน ::
  ล็อกอิน

รายการสื่อสารสนเทศ

ลำดับที่ ประเภท เลขเรียก/บาร์โค้ด สถานที่ สถานะ
1. นวนิยาย
นวนิยาย
นว. ล711T มปป. ฉ.1 
  Barcode: 15312
ห้องสมุดวิทยาเขตสวรรค์ประชารักษ์
►นวนิยาย
บนชั้น
  ขอยืม

รายการใกล้เคียง
    ผู้แต่ง [ลูกชุบ]

BibComment


ยังไม่เคยถูกคอมเมนท์

คอมเมนท์ทรัพยากรรายการนี้
  คอมเมนท์: The Carnival รัก..


 Copyright 2026. Bcnsprnw @Library